Guess Movies by Plot - Eytan's Pick 4 - Statistics

General Stats
  • This quiz has been taken 16 times
  • The average score is 4 of 16
Answer Stats
Year Description Answer % Correct
1993 Man gets stuck in middle of nowhere Pennsylvania after ridiculing a rodent on its special day. Groundhog Day
88%
1988 Foreign royal travels to the hood in order to find a wife who doesn't know of his domestic exploits. Coming to America
50%
2012 American government must pretend to be a Canadian film crew to rescue diplomats from enemy nation. Argo
44%
2015 Brotha' from the hood attempts to teach an upper class white fellow how to survive his upcoming 10-year sentence in a federal maximum security prison. Get Hard
25%
2004 African immigrant assimilates to American female society by ridiculing and bullying others. Mean Girls
25%
2018 High-powered careerwoman causes chaos when she suddenly dissapears from the life of her best friend. A Simple Favor
19%
2010 Unconfident and untrustworthy teenage boys' summer plans go awry when their sitter is turned into a monster. My Babysitter's a Vampire
19%
2008 Film ridicules cliched plots of Marvel & DC films. Superhero Movie
19%
1985 Lonesome teenager in California seeks to impress his high school crush by challenging the top jock to a skiing contest. Better Off Dead
13%
2022 Millennial women hack each other to pieces in a 24 hour free-for-all as they struggle to discover the cause of death for their vacation host. Bodies Bodies Bodies
13%
2007 Society of 2D shapes is threatened with existential destruction because of ableism and bigotry. Flatland: The Film
6%
1987 Nerd makes deal with the devil on summer break in order to turn into a handsome, people-pleasing yuppie. Hunk
6%
2013 Alien does good in the nth reboot of this classic franchise. Man of Steel
6%
1998 Adopted child revolts against his country after he remembers a lullaby his mother sang to him 25 years ago. Prince of Egypt
6%
2005 Boy is roped into a video game sidequest when his imaginary characters come to life. Sharkboy & Lavagirl
6%
1989 Man whose family is murdered by the mafia kills more than 150 gang members in revenge. The Punisher
6%
No matching quizzes found
Score Distribution
Percent of People with Each Score
Percentile by Number Answered
Your Score History
You have not taken this quiz